|
|
|
|
| LEADER |
00000cam a2200000 a 4500 |
| 001 |
vtls001083819 |
| 003 |
SK-MaSNL |
| 005 |
20260301062321.0 |
| 008 |
251029s1986 xo 00000 slo |
| 015 |
|
|
|a SNBA1987/04
|
| 035 |
|
|
|a SNK000026657
|
| 040 |
|
|
|a SNK
|b slo
|c SNK
|e AACR2
|
| 041 |
0 |
|
|a slo
|
| 044 |
|
|
|a xo
|c SK
|
| 080 |
|
|
|a 621.3:331.823(035)
|2 1981
|
| 080 |
|
|
|a 331.823(035)
|2 1981
|
| 100 |
1 |
|
|a Kremničan, Kazimír
|4 aut
|9 190504
|
| 245 |
1 |
0 |
|a Skúšky odbornej spôsobilosti elektrotechnikov
|c Kazimír Kremničan, Anton Ďurďovič
|
| 250 |
|
|
|a 5. preprac. vyd.
|
| 260 |
|
|
|a Bratislava
|b Práca
|c 1986
|e Žilina
|f Pravda
|
| 300 |
|
|
|a 419 s., 26,77 AH
|b Tb. Sch.
|c 20 cm
|
| 366 |
|
|
|e 15000 výt.
|
| 490 |
1 |
|
|a Knižnica bezpečnosti práce
|v zv. 5/86
|
| 500 |
|
|
|a Zozn. skr.
|
| 650 |
0 |
7 |
|a elektrotechnika
|2 SNKPH
|9 3619
|
| 650 |
0 |
7 |
|a bezpečnosť práce
|2 SNKPH
|9 1296
|
| 650 |
0 |
7 |
|a normy a predpisy
|2 SNKPH
|9 376515
|
| 655 |
|
7 |
|a príručky
|2 SNKPH
|9 74364
|
| 700 |
1 |
|
|a Ďurďovič, Anton
|4 aut
|9 376516
|
| 830 |
|
0 |
|a Knižnica bezpečnosti práce
|9 276785
|
| 958 |
|
|
|a OND
|
| 999 |
|
|
|c 620202
|d 622132
|
| 952 |
|
|
|a SNK
|b SNK
|y PREZ
|7 0
|p 17A0898705
|o snkSC 68195
|0 0
|1 0
|4 0
|d 2012-08-22
|l 0
|r 2025-07-14 00:00:00
|w 2026-02-23
|
| 952 |
|
|
|t P60, <04>, [BOOK], {604}
|a SNK
|b SNK
|y VYP
|7 0
|p 17A0121951
|o snkSC 68195 D1
|0 0
|1 0
|4 0
|d 1998-02-17
|l 0
|r 2004-12-31 00:00:00
|w 2026-02-23
|